000 00753nam a22002415i 4500
001 176113
003 ES-MaACL
005 20230906220005.0
008 101217s1986 sp a |||| | spa d
020 _a84-377-0087-6
080 _a821.133.1-31"18"
100 1 _aLouys, Pierre.
_9139378
245 1 0 _aAfrodita /
_cPierre Louÿs ; ilustraciones de A. Calbet ; traducción de Andrés Lamarca.
260 _aBarcelona :
_bTaifa,
_c1986.
300 _a206 p. :
_bil. bl. y n. ;
_c21 cm.
490 1 _aTaifa literaria ;
_v20
594 _aTít. original: Aphrodite.
700 0 _aCalbet, A.
_933558
700 1 _aLamarca, Andrés.
_9144357
830 0 _aTaifa literaria ;
_v20
_9186384
852 _aES-MaACL
_jE-13806
999 _c176113
_d176113